000 00732nam a2200193Ii 4500
003 JO-AjNU
008 230605s9999||||xx |||||||||||||| ||und||
040 _aJO-AjNU
_bara
_erda
_cJO-AjNU
041 _aara
050 1 4 _aPJ7632.A7.T3264 1988
100 3 _aجمع وتبويب ومراجعة أبو دية،سعد ؛ مهدي،عبد المجيد,
_eauthor
_916168
245 0 0 _aالثورة العربية الكبرى قصائد وأناشيد
264 3 1 _aعمان:دار الفكر،1988
300 _a391ص
336 _atext
_btxt
_2rdacontent
337 _aunmediated
_bn
_2rdamedia
338 _avolume
_bnc
_2rdacarrier
650 4 _aالشعر السياسي العربي - الثورة العربية الكبرى
_916169
999 _aA4732
_c8300
_d8300